000 00424 a2200157 4500
001 158065
020 _a
040 _cMagnum
100 _aFerreira, Aurelio Buarque de Holanda
240 1 0 _aDicionario aurelio infantil da lingua portuguesa ilustrado
_lpor
245 1 0 _aDicionario aurelio infantil da lingua portuguesa ilustrado
362 0 _a1899
440 1 _aNova Fronteira
697 _aDICIONARIOS
942 _cBK
999 _c158065
_d158065